000 02241nam0a2200373 4500
001 RU\NLR\bibl\1451361
005 20260408062631.0
010 _a978-5-209-03166-6
_9500
021 _aRU
_b2009-85410
_95374
035 _a(NLR Aleph) 001443176
090 _a1475933
_c1475933
100 _a20091212d2009 |||y0rusy50 ca
101 0 _arus
_eeng
102 _aRU
105 _ay |||||||||
200 1 _aФилософский дискурс в традиции духовных культур Запада и Востока
_dPhilosophical discourse in the spiritual traditions of East and West
_f[д.филос.н., проф. Н.С. Кирабаев, к.филос.н., доц. Е.Н. Аникеева, к.филос.н. И.В. Гребешев и др.
_gпод ред. Н.С. Кирабаева и др.
_gМ-во образования и науки Рос. Федерации, Рос. ун-т дружбы народов, Фак. гуманитар. и соц. наук]
_zeng
210 _aМосква
_cРоссийский университет дружбы народов
_d2009
215 _a305 с.
_d21
300 _aАвт. указаны на обороте тит. л.
300 _aРез. на англ. яз.
320 _aБиблиогр. в подстроч. примеч.
510 0 _aPhilosophical discourse in the spiritual traditions of East and West
_zeng
607 _aВосток-Запад
_xСравнение культур
_xСоциально-философские вопросы
_92222003
_3RU\NLR\auth\661334176
686 _aЮ3,232
701 1 _4070
_8rus
_7ca
_aКирабаев
_bН. С.
_f1951-
_gНур Серикович
_3RU\NLR\AUTH\7746496
_929431
701 1 _4070
_8rus
_7ca
_aАникеева
_bЕ. Н.
_gЕлена Николаевна
_3RU\NLR\AUTH\77108795
_991720
701 1 _aГребешев
_bИ. В.
_gИгорь Владимирович
_4070
712 0 2 _4570
_aРоссийский университет дружбы народов
_bФакультет гуманитарных и социальных наук
_3RU\NLR\AUTH\8810030043
_9558659
801 0 _aRU
_bNLR
_c20091212
_gRCR
801 1 _aRU
_bNLR
_c20091212
942 _cBOOK
980 _aNB